| 000 | 00450nam a22001457a 4500 | ||
|---|---|---|---|
| 003 | OSt | ||
| 082 |
_a631.37 _bAMA |
||
| 088 | _a574 | ||
| 100 |
_aAMAL KRISHNA.N U _aAYSWARYA.V P _aLAKSHMY ANIL _aTHOUFEER SABITH _95483 |
||
| 245 | _aDEVELOPMENT OF IoT BASED ANIMAL INTRUSION DETECTION AND REPELLENT SYSTEM | ||
| 260 |
_aTAVANUR _bDEPARTMENT OF FARM MACHINERY POWER ENGINEERING _c2023 |
||
| 300 | _a57 | ||
| 700 |
_aJAYAN. P R(Guide) _95489 |
||
| 942 | _cPR | ||
| 999 |
_c17712 _d17712 |
||